Statistics for Shark Identification #2 (Picture Hints)

Click here to take the quiz!

General Stats

  • This quiz has been taken 614 times
  • The average score is 6 of 10

Answer Stats

Shark Name % Correct
Whale Shark (Rhincodon typus)
96%
Great Hammerhead (Sphyrna mokarran)
96%
Tiger Shark (Galeocerdo cuvier)
92%
Blue Shark (Prionace glauca)
79%
Common Thresher (Alopias vulpinus)
74%
Lemon Shark (Negaprion brevirostris)
59%
Leopard Shark (Triakis semifasciata)
57%
Spotted Wobbegong (Orectolobus maculatus)
41%
Port Jackson Shark (Heterodontus portusjacksoni)
31%
Whitespotted Bamboo Shark (Chiloscyllium plagiosum)
24%

Score Distribution

Percentile by Number Answered

Percent of People with Each Score

Your Score History

You have not taken this quiz